Encyclopaedia of library classification and information technology (Record no. 6391)

MARC details
000 -LEADER
fixed length control field 00449nam a2200145Ia 4500
020 ## - INTERNATIONAL STANDARD BOOK NUMBER
ISBN 9788126136643
082 ## - DEWEY DECIMAL CLASSIFICATION NUMBER
Classification number RR 025.4203 ENC-
245 #0 - TITLE STATEMENT
Title Encyclopaedia of library classification and information technology
260 ## - PUBLICATION, DISTRIBUTION, ETC. (IMPRINT)
Place of publication New Delhi
Name of publisher Anmol Publications
Year of publication 2008
500 ## - GENERAL NOTE
General note contents: 2vols. Vol.1 (296p.) - v.2 (287p.)
650 ## - SUBJECT ADDED ENTRY--TOPICAL TERM
Topical Term Classification
Form subdivision Books
-- Encyclopedias
650 ## - SUBJECT ADDED ENTRY--TOPICAL TERM
Topical Term Encyclopedias
700 ## - ADDED ENTRY--PERSONAL NAME
Personal name Singh, Ram Shobhit
942 ## - ADDED ENTRY ELEMENTS (KOHA)
Koha item type Books
Holdings
Withdrawn status Lost status Damaged status Not for loan Home library Current library Date acquired Source of acquisition Bill Date Full call number Accession Number Price effective from Koha item type
        NASSDOC Library NASSDOC Library 09/02/2009 UPPAL 2008-12-30 RR 025.4203 ENC- 45020 18/04/2019 Books
        NASSDOC Library NASSDOC Library 09/02/2009 UPPAL 2008-12-30 RR 025.4203 ENC- 45021 18/04/2019 Books